Learning and the built environment (Record no. 73294)

MARC details
000 -LEADER
fixed length control field 01114cam a2200205 4500
008 - FIXED-LENGTH DATA ELEMENTS--GENERAL INFORMATION
fixed length control field 030828n2003 000 0 eng u
035 ## - SYSTEM CONTROL NUMBER
System control number (Sirsi) u123391
245 ## - TITLE STATEMENT
Title Learning and the built environment
260 ## - PUBLICATION, DISTRIBUTION, ETC.
Date of publication, distribution, etc. 2003
490 ## - SERIES STATEMENT
Series statement DCMS News Release
Volume/sequential designation (100/03) 28 August 2003 (2)
520 ## - SUMMARY, ETC.
Summary, etc. A joint initiative has been announced by government to make better use of the built environment as a tool for learning. A committee has been set up to advise on how to promote the contemporary and historic environment as an educational resource and will report back in a year's time. Two of the areas the committee will focus on are indentifying ways of promoting built environment-related careers in schools and further education establishments and contributing to community-led regeneration. http://www.culture.gov.uk/global/press_notices/archive_2003/dcms100_03.htm
590 ## - LOCAL NOTE (RLIN)
Local note WB
650 ## - SUBJECT ADDED ENTRY--TOPICAL TERM
Topical term or geographic name entry element BUILT ENVIRONMENT
650 ## - SUBJECT ADDED ENTRY--TOPICAL TERM
Topical term or geographic name entry element REGENERATION
650 ## - SUBJECT ADDED ENTRY--TOPICAL TERM
Topical term or geographic name entry element CAREERS, EDUCATION AND TRAINING
650 ## - SUBJECT ADDED ENTRY--TOPICAL TERM
Topical term or geographic name entry element SCHOOLS
650 ## - SUBJECT ADDED ENTRY--TOPICAL TERM
Topical term or geographic name entry element FURTHER EDUCATION
690 ## - LOCAL SUBJECT ADDED ENTRY--TOPICAL TERM (OCLC, RLIN)
Topical term or geographic name as entry element CAREERS, EDUCATION AND TRAINING
942 ## - ADDED ENTRY ELEMENTS (KOHA)
Suppress in OPAC 0
Holdings
Withdrawn status Lost status Source of classification or shelving scheme Damaged status Not for loan Home library Current library Shelving location Date acquired Total Checkouts Barcode Date last seen Copy number Price effective from Koha item type
    Dewey Decimal Classification     London London News article 28/08/2003   123391-1001 06/08/2019 1 06/08/2019 News article